Music Quiz

Random Music or Song Quiz

Female Billboard UK or US Quiz Stats

 Plays Quiz Updated Apr 17, 2018

Challenge
Share
Tweet
Embed
Score 0/20 Timer 04:00
6 Plays Today
Singer UK or US % Correct
Taylor Swift???
77%
Kylie Minogue???
75.4%
Whitney Houston???
74.6%
Mariah Carey???
74.2%
Katy Perry???
73.6%
Natasha Bedingfield???
71.3%
Pink???
67.3%
Donna Summer???
63.9%
Carly Simon???
61.8%
Nelly Furtado???
58.1%
Singer UK or US % Correct
Fergie???
57.7%
Celine Dion???
55.2%
Madonna???
54.5%
LeAnn Rimes???
42.4%
Adele???
40.2%
Lady Gaga???
36.9%
Britney Spears???
35.6%
Christina Aguilera???
35.2%
Beyonce???
34.5%
Jennifer Lopez???
28.3%

You're not logged in!

Compare scores with friends on all Sporcle quizzes.
Join for Free
OR
Log In

You Might Also Like...

Show Comments

Extras

Top Quizzes Today


Score Distribution

Your Account Isn't Verified!

In order to create a playlist on Sporcle, you need to verify the email address you used during registration. Go to your Sporcle Settings to finish the process.

Report this User

Report this user for behavior that violates our Community Guidelines.

Details: